Les avions de la Seconde Guerre mondiale - Statistiques

Statistiques générales
  • Ce quiz a été pris 243 fois
  • Le résultat moyen est 15 sur 80
Statistiques - réponses
Question Réponse % Correct
Junkers Ju 88 BOMBARDIER
66%
Focke-Wulf Fw 190 CHASSEUR
66%
Douglas B-18 BOMBARDIER
61%
Lavotchkine La-7 CHASSEUR
60%
Dewoitine D.501 CHASSEUR
53%
Messerschmitt Bf 109 CHASSEUR
52%
Curtiss P 36 CHASSEUR
50%
Junkers Ju 87 ATTAQUE AU SOL / TORPILLAGE
48%
Boeing B-17 BOMBARDIER
48%
North American P-51 CHASSEUR
48%
Kawasaki Ki-45 Toryu CHASSEUR
45%
Fiat G.57 CHASSEUR
44%
Dornier Do 217 BOMBARDIER
42%
Heinkel He 100 CHASSEUR
42%
Saab J-21 CHASSEUR
42%
Vought F4U Corsair CHASSEUR
37%
Gloster Gladiator CHASSEUR
35%
Fokker D.XXI CHASSEUR
32%
Caproni Ca.165 CHASSEUR
31%
Polikarpov I-16 Ishak Mosca CHASSEUR
31%
Fairey Swordfish ATTAQUE AU SOL / TORPILLAGE
26%
Hawker Typhoon ATTAQUE AU SOL / TORPILLAGE
26%
Potez 630 CHASSEUR
24%
Supermarine S.309 HYDRAVION
24%
Rogozarski (Ikarus) IK-3 CHASSEUR
23%
Morane-Saulnier MS.225 CHASSEUR
23%
Tupolev SB-2 BOMBARDIER
21%
Lioré et Olivier LeO H-257 BOMBARDIER
19%
I.A.R. 80 CHASSEUR
19%
Avro Anson ENTRAINEMENT OU LIAISON
19%
Fieseler Fi 156 RECONNAISSANCE
18%
Renard R.31 RECONNAISSANCE
18%
Breguet 19 BOMBARDIER
16%
Westland Lysander ENTRAINEMENT OU LIAISON
16%
Commonwealth CA-12 CHASSEUR
15%
Bücker Bü 131 ENTRAINEMENT OU LIAISON
15%
Arado Ar 76 CHASSEUR
13%
Martin PBM-3 HYDRAVION
13%
Gotha Go 229 BOMBARDIER
11%
Savoia-Marchetti SM.90 BOMBARDIER
11%
IMAM Ro.37 RECONNAISSANCE
11%
Henschel Hs 123 ATTAQUE AU SOL / TORPILLAGE
10%
Mitsubishi Ki-21 BOMBARDIER
10%
Avia B.125 Lyastovica CHASSEUR
10%
KB-11 Fazan ENTRAINEMENT OU LIAISON
10%
Samalotov PWS P. 16 ENTRAINEMENT OU LIAISON
10%
Piper L-4 ENTRAINEMENT OU LIAISON
10%
Blohm & Voss Bv 140 HYDRAVION
10%
Avro type 683 BOMBARDIER
6%
Yokosuka E14Y HYDRAVION
6%
Aichi E8A RECONNAISSANCE
6%
Hover M.F.11 RECONNAISSANCE
6%
Breda Ba.64/65 Nibbio ATTAQUE AU SOL / TORPILLAGE
5%
Nakajima Kikka BOMBARDIER
5%
Bristol 156 CHASSEUR
5%
Potez 33 ENTRAINEMENT OU LIAISON
5%
Polikarpov Po-2 ENTRAINEMENT OU LIAISON
5%
SAI 7 ENTRAINEMENT OU LIAISON
5%
Beriev MBR-2 HYDRAVION
5%
Bristol 152 ATTAQUE AU SOL / TORPILLAGE
3%
De Havilland DH.98 ATTAQUE AU SOL / TORPILLAGE
3%
PZL P.46 Sum BOMBARDIER
3%
Breguet Bre 521 HYDRAVION
3%
Arado Ar 95 HYDRAVION
3%
Dewoitine D.720 RECONNAISSANCE
3%
Focke-Wulf Fw 200 RECONNAISSANCE
3%
Saab 17 RECONNAISSANCE
3%
Letov S.328 RECONNAISSANCE
3%
Lockheed PV-1 RECONNAISSANCE
3%
Gustaitis Anbo 4 RECONNAISSANCE
3%
Bristol 164 ATTAQUE AU SOL / TORPILLAGE
2%
Sukhoi Su-2 BOMBARDIER
2%
Macchi M.C.202 BOMBARDIER
2%
DAR-10 BOMBARDIER
2%
Dornier Do 17 CHASSEUR
2%
Weiss Manfred WM. 23 Ezustnyil CHASSEUR
2%
Mitsubishi K3M3 ENTRAINEMENT OU LIAISON
2%
Curtiss SC-1 HYDRAVION
2%
Klemm Kl 25 ENTRAINEMENT OU LIAISON
0%
Levasseur P.L.14 HYDRAVION
0%
Aucun quiz correspondant
Distribution des résultats
% des personnes avec chaque résultat
Percentile par nombre de réponses
Votre historique - résultats
Vous n’avez pas pris ce quiz